| 000 | nam a22 7a 4500 | ||
|---|---|---|---|
| 999 |
_c233500 _d233500 |
||
| 003 | Nust | ||
| 005 | 20170308121242.0 | ||
| 008 | 170308b xxu||||| |||| 00| 0 eng d | ||
| 040 | _cDLC | ||
| 082 | _a363.728 SHR | ||
| 245 |
_aWealth from Waste / _cShrivastava,A.K. |
||
| 260 |
_aNew Delhi : _bAPH Publishers, _c 2003 |
||
| 300 |
_a363p. : _c25cm |
||
| 942 |
_2ddc _cBK |
||